Cinderella (Record no. 11700)
[ view plain ]
| 000 -LEADER | |
|---|---|
| fixed length control field | 00250nam a22000977a 4500 |
| 008 - FIXED-LENGTH DATA ELEMENTS--GENERAL INFORMATION | |
| fixed length control field | 200110b ||||| |||| 00| 0 eng d |
| 020 ## - INTERNATIONAL STANDARD BOOK NUMBER | |
| International Standard Book Number | 9780736428880 |
| 100 ## - MAIN ENTRY--PERSONAL NAME | |
| Personal name | Lagonegro Melissa |
| 9 (RLIN) | 7390 |
| 245 ## - TITLE STATEMENT | |
| Title | Cinderella |
| 260 ## - PUBLICATION, DISTRIBUTION, ETC. (IMPRINT) | |
| Place of publication, distribution, etc. | New York |
| Name of publisher, distributor, etc. | Random House |
| Date of publication, distribution, etc. | 2012 |
No items available.